000 00677nas a2200229 4500
001 BR9502511
003 BR-BrBNA
005 20231205094013.0
007 ta
008 230509b bl.|||p| |||| 00| 00por d
040 _aBR-BrBNA
_bpor
_cBiblioteca Nacional de Agricultura
041 _a(Pt)
072 _aQ04
100 1 _aKieger, J.H.
245 1 _aControle de alimentos na Alemanha
650 _aAlimento
650 _aControle de Qualidade
650 _aAlemanha
773 0 _tBoletim do Centro Tropical de Pesquisas e Tecnologia de Alimentos (Brazil)
_x
_g(Jun 1967), no. 10 p. 47-53
_wBR9502511
909 _a202311
_bLúcia
_c55
_dLúcia Elande
942 _2AGRIS
_n0
_cANA
999 _c141537
_d141537